000 00464nmm a2200157Ia 4500
008 251105s9999||||xx |||||||||||||||||und||
020 _a9788433909442
041 _aspa
100 _aDíaz-Mas, Paloma
245 0 _aEl sueño de Venecia
264 _a[Madrid, España] :
_bEditorial Anagrama,
_c[Fecha de publicación no identificada]
300 _a0 páginas
490 _aCompactos
856 _uhttps://public.digitaliapublishing.com/a/162379
942 _cCF
999 _c81691
_d81691